Normal view
MARC view
- Harkins, Philip J
Entry Personal Name
001 - CONTROL NUMBER
- control field: 99599
003 - CONTROL NUMBER IDENTIFIER
- control field: NUST
005 - DATE AND TIME OF LATEST TRANSACTION
- control field: 20221010104342.0
008 - FIXED-LENGTH DATA ELEMENTS
- fixed length control field: 221010|| aca||aabn | a|a d
040 ## - CATALOGING SOURCE
- Original cataloging agency: NUST
- Transcribing agency: NUST
100 ## - HEADING--PERSONAL NAME
- Personal name: Harkins, Philip J
670 ## - SOURCE DATA FOUND
- Source citation: Work cat.: (NUST)189500: Harkins, Philip J., In search of leadership :, c2009.
